000 00845nam a2200241 a 4500
001 1055720
005 20250128175531.0
008 900921r1991 nyu 001 0 eng
020 _a0882778595
050 0 0 _aKF914
_b.S38 1991
082 0 0 _a346.73/072
_a347.30672
_220
100 1 _aSchwartz, Alan,
_d1940-
245 1 0 _aSales law and the contracting process /
_cby Alan Schwartz and Robert E. Scott.
250 _a2nd ed.
260 _aWestbury, N.Y. :
_bFoundation Press,
_c1991.
300 _axlix, 544, 6 p. ;
_c27 cm.
440 0 _aUniversity casebook series
500 _a"Reprinted from Schwartz and Scott's commercial transactions, principles and policies, second edition"--T.p. verso.
500 _aIncludes index.
650 0 _aSales
_zUnited States
_xCases.
700 1 _aScott, Robert E.,
_d1944-
942 _2lcc
_cBK
_e2nd Ed.
_n0
999 _c3176
_d3176